Регионална библиотека "Любен Каравелов" - Русе

Експортен маркетингов мениджмънт (Запис номер 54399)

MARC детайли
000 -Лидер
Контролно поле с фиксирана дължина 01870nam a2200397 c 4500
003 - Код на организацията, давaща контролен номер
Контролно поле BLK
005 - Дата и час на последна редакция
Контролно поле 20220505120238.0
008 - Елементи от данни с фиксирана дължина
fixed length control field 180408b bul|||||r ||||||| ||bul||
010 ## - Наследен системен номер
LC control number KNG00058355000
020 ## - Международен стандартен номер на книга ISBN
Международен стандартен номер на книга ISBN 954-23-0201-0
-- издат.: Акад. изд. Д. А. Ценов
040 ## - Източник на каталожния запис
Идентификатор на билиотеката - собственик на записа BLK
041 ## - Код за език
Код за езика на текст/звукозапис или на отделно заглавие Български
Код за езика КДБФ Български
080 ## - УДК
Текстов определител УДК Външна търговия. Международна търговия. Външно-търговска политика. Мита. Вж и 336. 4
УДК код - определител по УДК 339.5
УДК определител :339.13(075.8)
УДК - код + определител 339.5:339.13(075.8)
080 ## - УДК
Текстов определител УДК Пазар. Анализ на пазара. Търсене. Предлагане. Конкуренция. Маркетингова логистика
УДК код - определител по УДК 339.13
УДК определител (075.8)
УДК - код + определител 339.13(075.8)
100 1# - Редна дума - Автор
Автор Дамянов, Атанас
Авторска отговорност първи автор
R(LIN) 364644
139 ## - Редно поле
Редна дума Дамянов, Атанас
Авторски знак Дам - Д 15
245 10 - Сведения за заглавието
Заглавие Експортен маркетингов мениджмънт
Редно поле (дума) Атанас Дамянов.
250 ## - Област на изданието
Сведения за изданието 2. изд.
257 ## - Страна на издаване
Страна на създаване/издаване България
260 ## - Област на издателските данни
-- Свищов
Име на издателя, разпространителя и проч. Акад. изд. Д. А. Ценов
Година на издаване 2004
300 ## - Физическа характеристика
Страници 464 с.
Илюстрации и др. с табл., диагр.
Размери/Мащаб 24 см
380 ## - Жанр
Жанр Обществени науки
500 ## - Общи забележки
Забележка Пълното име на авт. е Атанас Дамянов Петров. - 1. изд. 2000 с авт. А. Дамянов, К. Тодоров, Ив. Марчевски
650 #4 - Допълнително описание по предмет – тема
Основно описание – тема или топоним Маркетинг - учебници за ВУЗ
9 (RLIN) 242328
650 #4 - Допълнително описание по предмет – тема
Основно описание – тема или топоним Пазари, международни
9 (RLIN) 245952
650 #4 - Допълнително описание по предмет – тема
Основно описание – тема или топоним Външна търговия - учебници за ВУЗ
9 (RLIN) 253777
653 ## - Ключова дума – ненормативна
Ключова дума външнотърговски сделки
653 ## - Ключова дума – ненормативна
Ключова дума пазари
653 ## - Ключова дума – ненормативна
Ключова дума маркетинг
653 ## - Ключова дума – ненормативна
Ключова дума учебници за ВУЗ
852 ## - Местоположение
Форматна сигнатура Цб 226479
856 4# - Електронен адрес и достъп
Електронен формат pdf - файл
Път до файла /url/
856 4# - Електронен адрес и достъп
Електронен формат pdf - файл
Път до файла /url/
942 ## - АРТИКУЛИ
Вид на библиотечния материал Книги
Скрит в OPAC Не
Koha issues (borrowed), all copies 1
944 ## - СЪЗДАВАНЕ И РЕДАКЦИЯ на ЗАПИСА
Създаване/Редакция Създаване
Дата на регистрацията/редакция 14.02.2006
Служител, извършил регистрацията/редакцията Геновева_Генчева
944 ## - СЪЗДАВАНЕ И РЕДАКЦИЯ на ЗАПИСА
Създаване/Редакция Редакция
Дата на регистрацията/редакция 28.02.2006
Служител, извършил регистрацията/редакцията
999 ## - СИСТЕМНИ КОНТРОЛНИ НОМЕРА
Koha biblionumber 54399
Koha biblioitemnumber 54399
Наличности
Код за отписване Код за изгубен артикул Код за повреда Коз за рестрикции Код за отдаване Артикулен № Име на библиотеката - собственик Име на библиотеката, в която се намира в момента Статус (Текущо местоположение) Дата на вписване в системата Местоположение - отдел Цена в лева Инвентарен номер Систематично азбучна сигнатура Баркод Номер на екземпляра Цена в евро Служебна бележка Служебен тип на артикула Източник на класификационната схема
  Не е изгубен Не е повреден без рестрикции ползва се в читалня 85703 Регионална библиотека "Любен Каравелов" Русе Регионална библиотека "Любен Каравелов" Русе Хранилище 2006-02-14 Хранилище 0.00 120000700170 Цб 226479 120000700170 1 0.00 Дост: Dp Вид: Д N: 6 Дата: 26.01.2005 Книги  
  Не е изгубен Не е повреден без рестрикции заемане за дома 754958 Регионална библиотека "Любен Каравелов" Русе Регионална библиотека "Любен Каравелов" Русе Заемна - подръчен фонд 2020-01-31 Заемна - подръчен фонд 10.00   П 339.5/Д 15 120000842147   5.11   Книги Universal Decimal Classification
Vip Innovations Ltd, Rousse, Bulgaria 2025